Octopus's Garden Lyrics by The Beatles - Statistics

General Stats
  • This quiz has been taken 42 times
  • The average score is 142 of 168
Answer Stats
Answer % Correct
a
100%
an
100%
be
100%
garden
100%
in
100%
in,
100%
like
100%
octopus's
100%
sea
100%
shade,
100%
shade.
100%
the
100%
to
100%
under
100%
I'd
97%
We
93%
we
93%
and
90%
been,
90%
head
90%
let
90%
us
90%
where
90%
He'd
86%
know
86%
we've
86%
with
86%
you
86%
you.
86%
me.
83%
me,
83%
knows
79%
would
79%
happy
76%
happy,
76%
friends
72%
our
72%
so
72%
come
69%
my
69%
on
69%
see
69%
waves.
69%
what
69%
ask
66%
beneath
66%
found.
66%
warm
66%
dance
62%
do.
62%
his
62%
little
62%
no
62%
one
62%
sing
62%
tell
62%
around
59%
below
59%
boy
59%
girl
59%
storm
59%
there
59%
because
55%
bed
55%
for
55%
hide-a-way
55%
Oh,
55%
can't
52%
every
52%
joy
52%
Resting
52%
that
52%
safe.
48%
about
45%
coral
45%
knowing
45%
shout
45%
swim
45%
they're
45%
cave.
41%
lies
38%
near
34%
No matching quizzes found
Score Distribution
Percent of People with Each Score
Percentile by Number Answered
Your Score History
You have not taken this quiz